Statistics for Champions League Winning Captains

Click here to take the quiz!

General Stats

  • This quiz has been taken 418 times
  • The average score is 16 of 30

Answer Stats

YearWinnerCaptain% Correct
2019LiverpoolJordan Henderson
90%
2018Real MadridSergio Ramos
90%
2017Real MadridSergio Ramos
89%
2016Real MadridSergio Ramos
89%
2015BarcelonaAndrés Iniesta
88%
2020Bayern MunichManuel Neuer
85%
2011BarcelonaXavi
80%
2009BarcelonaCarles Puyol
79%
2005LiverpoolSteven Gerrard
77%
2012ChelseaFrank Lampard
74%
2014Real MadridIker Casillas
74%
2006BarcelonaCarles Puyol
73%
2007AC MilanPaolo Maldini
72%
2013Bayern MunichPhilipp Lahm
72%
2003AC MilanPaolo Maldini
69%
2021ChelseaCesar Azpilicueta
65%
2008Manchester UnitedRio Ferdinand
64%
2010InterJavier Zanetti
55%
2022Real MadridMarcelo
44%
2002Real MadridFernando Hierro
36%
1999Manchester UnitedPeter Schmeichel
27%
1997DortmundMatthias Sammer
17%
2001Bayern MunichStefan Effenberg
16%
1993MarseilleDidier Deschamps
13%
1995AjaxDanny Blind
10%
1996JuventusGianluca Vialli
8%
2004FC PortoJorge Costa
8%
1998Real MadridManuel Sanchis
7%
2000Real MadridFernando Redondo
6%
1994AC MilanMauro Tassotti
3%

Score Distribution

Percentile by Number Answered

Percent of People with Each Score

Your Score History

You have not taken this quiz